| 000 | 00415nam a2200169Ia 4500 | ||
|---|---|---|---|
| 008 | 180207s9999 xx 000 0 und d | ||
| 020 | _a9780099991700 | ||
| 050 | _bG647 1992 | ||
| 100 | _aGoode, Diane | ||
| 245 | _aWhere's our mama? = Ou est Maman? / | ||
| 245 | _cDiane Goode. | ||
| 260 | _aLondon : | ||
| 260 | _bRed Fox Book, | ||
| 260 | _c1992 | ||
| 300 | _aunpaged : | ||
| 300 | _bcolor illustration ; | ||
| 999 |
_c355283 _d355283 |
||